Traditions & encounters : a global perspective on the past vol B: From 1000 to 1800 / (Record no. 150)

MARC details
000 -LEADER
fixed length control field 00905nam a22001937a 4500
008 - FIXED-LENGTH DATA ELEMENTS--GENERAL INFORMATION
fixed length control field 110908t xxu||||| |||| 00| 0 eng d
020 ## - INTERNATIONAL STANDARD BOOK NUMBER
International Standard Book Number 0072998344
050 ## - LIBRARY OF CONGRESS CALL NUMBER
Classification number D20 .B42
100 ## - MAIN ENTRY--PERSONAL NAME
Personal name Bentley, Jerry H.,
Fuller form of name Jerry H. Bentley
245 ## - TITLE STATEMENT
Title Traditions & encounters : a global perspective on the past vol B: From 1000 to 1800 /
Statement of responsibility, etc. Jerry H. Bentley, Herbert F. Ziegler
250 ## - EDITION STATEMENT
Edition statement 3rd ed.
260 ## - PUBLICATION, DISTRIBUTION, ETC.
Place of publication, distribution, etc. Boston:
Name of publisher, distributor, etc. McGraw-Hill,
Date of publication, distribution, etc. ©2006.
300 ## - PHYSICAL DESCRIPTION
Extent xxxi, 776 + various pagings :
Other physical details ill. (some col.), col. maps, ;
Dimensions 26 cm.
500 ## - GENERAL NOTE
General note Includes bibliographical references and index
505 ## - FORMATTED CONTENTS NOTE
Formatted contents note Contents: The Post classical era, 500 to 1000 C.E. 314 -- An Age of cross-cultural interaction, 1000 to 1500 C.E. 458 -- The Origins of global interdependence, 1500 to 1800 594.
650 ## - SUBJECT ADDED ENTRY--TOPICAL TERM
Topical term or geographic name entry element World history.
General subdivision Intercultural communication
-- History.
700 ## - ADDED ENTRY--PERSONAL NAME
Personal name Ziegler, Herbert F.
942 ## - ADDED ENTRY ELEMENTS (KOHA)
Source of classification or shelving scheme Library of Congress Classification
Koha item type Books
Holdings
Withdrawn status Lost status Source of classification or shelving scheme Damaged status Not for loan Home library Current library Shelving location Date acquired Total Checkouts Full call number Barcode Date last seen Copy number Price effective from Koha item type
    Library of Congress Classification     WISCONSIN INTERNATIONAL UNIVERSITY COLLEGE, GHANA - MAIN LIBRARY WISCONSIN INTERNATIONAL UNIVERSITY COLLEGE, GHANA - MAIN LIBRARY General Stacks 03/10/2011   D20 .B42 429/11 03/10/2011 1 03/10/2011 Books
    Library of Congress Classification     WISCONSIN INTERNATIONAL UNIVERSITY COLLEGE, GHANA - MAIN LIBRARY WISCONSIN INTERNATIONAL UNIVERSITY COLLEGE, GHANA - MAIN LIBRARY General Stacks 03/10/2011   D20 .B421 430/11 03/10/2011 2 03/10/2011 Books
    Library of Congress Classification     WISCONSIN INTERNATIONAL UNIVERSITY COLLEGE, GHANA - MAIN LIBRARY WISCONSIN INTERNATIONAL UNIVERSITY COLLEGE, GHANA - MAIN LIBRARY General Stacks 03/10/2011   D20 .B422 431/11 03/10/2011 3 03/10/2011 Books
    Library of Congress Classification     WISCONSIN INTERNATIONAL UNIVERSITY COLLEGE, GHANA - MAIN LIBRARY WISCONSIN INTERNATIONAL UNIVERSITY COLLEGE, GHANA - MAIN LIBRARY General Stacks 03/10/2011   D20 .B423 432/11 03/10/2011 4 03/10/2011 Books

If you have any concerns or questions; kindly contact the library


© Powered by WIUC ICT DIRECTORATE